000 00994nam a2200277Ia 4500
001 Para_10012
003 CHAP
008 220125sAgos xx 000 0 und d
010 _a208700
040 _cCHAP
090 _aPA CD - TESIS 93
100 _aLópez Díaz, Juan Gabriel
_967833
245 _aUn nuevo barrenador de troncos del aguacatero en Santa María Ahuacatitlàn, Mpio. de Cuernavaca, Morelos /
_c Juan Gabriel López Díaz; Director José Luis Ayala Orduño
260 _aChapingo, Méx. :
_b el autor
300 _a1 CDS ROM (40 p.)
502 _aTesis (Ing. Agr. Esp. en Parasitología Agrícola). UACh. Departamento Parasitología Agrícola
700 _aAyala Orduño, José Luis. Director
_9175066
710 _aUACh. Departamento Parasitología Agrícola
_9164025
901 _aPA CD - TESIS 93
902 _aM
905 _a513220Agosto, 2011 abn 8100000000 06
910 _aAgos
942 _cPARA
942 _cPARA
_d2
999 _c208700
_d208700